Ciclismo : la passione della bicicletta /
Сохранить в:
| Главный автор: | |
|---|---|
| Формат: | |
| Язык: | итальянский |
| Опубликовано: |
Firenze [etc.] :
Giunti Demetra,
[2007]
|
| Серии: | Sport. Guide complete
|
| Предметы: | |
| Метки: |
Нет меток, Требуется 1-ая метка записи!
|
MARC
| LEADER | 00000nam a2200000 i 4500 | ||
|---|---|---|---|
| 001 | IT\ICCU\LO1\1126637 | ||
| 003 | ItRI | ||
| 005 | 20260115232104.0 | ||
| 008 | 070511s2007 it |||||| ||||| |||||c | ||
| 020 | |a 9788844033989 | ||
| 040 | |b ita |c importazione bologna sebina | ||
| 041 | 7 | |a ita |2 ISO-639-2 | |
| 082 | |a 796.6 |9 CICLISMO E ATTIVITÀ AFFINI |2 21 | ||
| 100 | 1 | |a Bietolini, Alfonso |0 IT\ICCU\CFIV\081038 |4 aut | |
| 245 | 1 | 0 | |a Ciclismo : |b la passione della bicicletta / |c Alfonso Bietolini. |
| 260 | |a Firenze [etc.] : |b Giunti Demetra, |c [2007] | ||
| 300 | |a 95 p. : |b ill. ; |c 21 cm. | ||
| 650 | 7 | |a Ciclismo | |
| 830 | 0 | |a Sport. Guide complete |0 IT\ICCU\UBO\2993896 | |
| 942 | |2 ddc |c BK |n 0 | ||
| 952 | |0 0 |1 0 |4 0 |6 DOC_796_600000000000000_BIE |7 0 |9 19849 |a BO |b BO |d 2026-01-15 |i 14932 |l 0 |o DOC 796.6 BIE |p BO14932 |r 2026-01-15 23:21:04 |w 2026-01-15 |x [Sebina 5] [1 v.] |y BK |z 1 v. | ||
| 999 | |c 16920 |d 16920 | ||